00517nam a22001817a 450000500170000001000140001702000220003103500130005303700130006608200060007910000140008524500510009926000400015027000620019030000210025249000500027365000120032320100811143612.0 aENG-99790 a8185729913c50.00 aEN-83322 bDBAD/PUB aS aAbdul Hai aStories of messengers /cby Muhammad Abdul Hai aNew DelhibMaktaba Al Hasanatc2008 a3004/2, Sir Syed Ahmad Road, Darya GanjbNew Delhie11000 a88p.c21cm (pbk) aMaktaba Al Hasanat Publication Series No.:122 aStories